00873cam a22002537a 4500001001000000003000500010005001700015008004100032010001000073011001000083035001000093040000900103100003400112245012400146260006200270300002100332410003400353490004500387650004300432650004200475700002300517810003400540830004500574000033492CHAP20220817042030.0971013s1968 r 00010 spa d a32439 a33411 a37526 cCHAP00aCuadra Palafox, Miguel Angel.10aRelaciones óptimas económicas en el uso de fertilizantes en caña de azúcar /c/por Miguel Angel Cuadra Palafox. aChapingo, Méx. :bENA. Colegio de Postrgaduados,c1968. a66 p. :b: mapa.21aENA. Colegio de Postgraduados1 aSerie de investigaciones técnicasv; 314aFertilizantes para caña de azúcar.14aFertilizantesxAspectos económicos.02aSchreiner, Dean F.00aENA. Colegio de Postgraduados0 aSerie de Investigaciones técnicasv; 3